LEADER 00899nam0-2200325---450- 001 990008301380403321 005 20151221212447.0 010 $a88-7812-116-9 035 $a000830138 035 $aFED01000830138 035 $a(Aleph)000830138FED01 035 $a000830138 100 $a20060323d2005----km-y0itay50------ba 101 1 $aita 102 $aIT 105 $a--------001yy 200 1 $aRevisione delle raccolte$fLoredana Vaccani 210 $aRoma$cAssociazione italiana biblioteche$d2005 215 $a85 p.$d17 cm 225 1 $aET$eEnciclopedia tascabile$v27 610 0 $aBiblioteche$aScarto 676 $a025.216 700 1$aVaccani,$bLoredana$f<1954- >$0748923 801 0$aIT$bUNINA$gRICA$2UNIMARC 901 $aBK 912 $a990008301380403321 952 $a13 U 01 57$b14700$fFINBC 959 $aFINBC 996 $aRevisione delle raccolte$91499654 997 $aUNINA LEADER 02474nlm0 22006491i 450 001 990009259660403321 010 $a9783642007224 035 $a000925966 035 $aFED01000925966 035 $a(Aleph)000925966FED01 035 $a000925966 100 $a20100926d2009----km-y0itay50------ba 101 0 $aeng 102 $aDE 135 $adrnn-008mamaa 200 1 $aCompiler Construction$bRisorsa elettronica$e18th International Conference, CC 2009, Held as Part of the Joint European Conferences on Theory and Practice of Software, ETAPS 2009, York, UK, March 22-29, 2009. Proceedings$fedited by David Hutchison, Takeo Kanade, Josef Kittler, Jon M. Kleinberg, Friedemann Mattern, John C. Mitchell, Moni Naor, Oscar Nierstrasz, C. Pandu Rangan, Bernhard Steffen, Madhu Sudan, Demetri Terzopoulos, Doug Tygar, Moshe Y. Vardi, Gerhard Weikum, Oege Moor, Michael I. Schwartzbach 210 $aBerlin ; Heidelberg$cSpringer$d2009 225 1 $aLecture Notes in Computer Science$x0302-9743$v5501 230 $aDocumento elettronico 336 $aTesto 337 $aFormato html, pdf 702 1$aHutchison,$bDavid 702 1$aKanade,$bTakeo 702 1$aKittler,$bJosef 702 1$aKleinberg,$bJon M. 702 1$aMattern,$bFriedemann 702 1$aMitchell,$bJohn C. 702 1$aMoor,$bOege 702 1$aNaor,$bMoni 702 1$aNierstrasz,$bOscar 702 1$aPandu Rangan,$bC. 702 1$aSchwartzbach,$bMichael I. 702 1$aSteffen,$bBernhard 702 1$aSudan,$bMadhu 702 1$aTerzopoulos,$bDemetri 702 1$aTygar,$bDoug 702 1$aVardi,$bMoshe Y. 702 1$aWeikum,$bGerhard 801 0$aIT$bUNINA$gREICAT$2UNIMARC 856 4 $zFull text per gli utenti Federico II$uhttp://dx.doi.org/10.1007/978-3-642-00722-4 901 $aEB 912 $a990009259660403321 961 $aAlgorithm Analysis and Problem Complexity 961 $aComputer network architectures 961 $aComputer science 961 $aComputer Science 961 $aComputer software 961 $aComputer System Implementation 961 $aInformation theory 961 $aLogic design 961 $aLogics and Meanings of Programs 961 $aProgramming Languages, Compilers, Interpreters 961 $aSoftware engineering 961 $aSoftware Engineering/Programming and Operating Systems 961 $aTheory of Computation 996 $aCompiler Construction$9771871 997 $aUNINA